Statistiken für Anschlussstellen der BAB 19

Klicken Sie hier um das Quiz zu spielen!

Allgemein

  • Dieses Quiz wurde 16 mal gespielt
  • Das Durchschnittsergebnis liegt bei 12 aus 17

Antwortstatistiken

BundeslandAS-Nr.Anschlussstelle% Korrekt
Mecklenburg-Vorpommern9AK Rostock
100%
Mecklenburg-Vorpommern5Rostock-Nord
100%
Mecklenburg-Vorpommern6Rostock-Ost
100%
Mecklenburg-Vorpommern7Rostock-Süd
100%
Mecklenburg-Vorpommern4Rostock-Überseehafen
100%
Brandenburg21AD Wittstock/Dosse
75%
Mecklenburg-Vorpommern13Güstrow
75%
Brandenburg20Wittstock/Dosse
75%
Mecklenburg-Vorpommern14Krakow am See
63%
Mecklenburg-Vorpommern16Malchow
63%
Mecklenburg-Vorpommern18Röbel/Müritz
63%
Mecklenburg-Vorpommern11Laage
50%
Mecklenburg-Vorpommern12Glasewitz
38%
Mecklenburg-Vorpommern10Kavelstorf
38%
Mecklenburg-Vorpommern8Kessin
38%
Mecklenburg-Vorpommern15Linstow
38%
Mecklenburg-Vorpommern17Waren (Müritz)
38%

Verteilung der Resultate

Perzentil nach korrekt beantworteten Fragen

Anzahl Personen mit jedem Resultat

Ihre Resultats-Entwicklung

Sie haben dieses Quiz noch nicht gespielt